000 008810000a22003010004500
001 20564
003 CO-MdFUSB
005 20160907124111.0
008 160907b xxu||||| |||| 00| 0 eng d
020 _a978-1-58743-331-3
040 _cCO-MdFUSB
041 0 _aeng
082 _224
_aR 220.77
_bB827b
100 1 _aWells, Samuel
_dautor
245 0 0 _aEsther & Daniel
_c/ Samuel Wells, George Sumner
264 _aGrand Rapids, Michigan :
_bBrazos Press,
_c2013
300 _axvi, 239 páginas
336 _2rdacontent
337 _2rdamedia
338 _2rdacarrier
490 _aBrazos Theological Commentary on the Bible
500 _aIncluye índices (p. 229-239)
501 _aPasta dura
505 0 0 _aComentario sobre los libros de Ester y Daniel
653 _aBiblia -- Ester -- Comentarios
653 _aBiblia -- Daniel -- Comentarios
942 _cREF
999 _c46915
_d46915